Statistics for White Teeth Teens - Lorde (All lyrics)

Click here to take the quiz!

General Stats

  • This quiz has been taken 13 times
  • The average score is 308 of 397

Answer Stats

HintAnswer% Correct
a
100%
are,
100%
are
100%
for
100%
here
100%
(I
100%
I
100%
in
100%
it
100%
it,
100%
it.
100%
it’s
100%
its
100%
know
100%
love
100%
no
100%
not
100%
teen.
100%
teeth
100%
the
100%
up
100%
Chorus | Outro | Verse 1We
100%
we
100%
when
100%
white
100%
White
100%
you
100%
your
100%
And
89%
and
89%
be
89%
day.
89%
got
89%
like
89%
my
89%
on
89%
our
89%
out
89%
Out…
89%
out.
89%
seen
89%
teens
89%
then
89%
to
89%
To
89%
wear
89%
where
89%
wouldn’t
89%
but
78%
But
78%
dead
78%
drop.
78%
guess
78%
Verse 2If
78%
if
78%
I’ll
78%
lucky
78%
methods,
78%
never
78%
nothing
78%
so
78%
start
78%
stop…
78%
stop
78%
that
78%
there’s
78%
we’ll
78%
you’re
78%
am
67%
could)
67%
could.)
67%
could.
67%
dark
67%
from
67%
glow
67%
hairpins
67%
join,
67%
let
67%
now.
67%
reckoning,
67%
seem.
67%
stay.
67%
take
67%
us
67%
we’re
67%
admirers
56%
big.
56%
dashboard
56%
did.
56%
do
56%
empress;
56%
fill
56%
Impress
56%
mouths.
56%
notes
56%
one
56%
same…
56%
something
56%
tried
56%
want,
56%
way
56%
blood.
44%
bruises
44%
dreams.
44%
Give
44%
just
44%
robe
44%
shot
44%
smiling,
44%
their
44%
they
44%
this.
44%
won’t
44%
all
33%
else,
33%
get
33%
gifts.
33%
good)
33%
good.)
33%
good.
33%
of
33%
tonight
33%
underpass
33%
You’ll
33%
ah…
22%
ah,
22%
RefrainEverything
22%
everything
22%
(everything
22%
Bridge(Everything
22%
help
22%
lights
22%
picture
22%
sit
22%
works
22%
blinking
11%
molars
11%
seams.
11%
split
11%

Score Distribution

Percentile by Number Answered

Percent of People with Each Score

Your Score History

You have not taken this quiz